00185nam a22000977a 4500040000700000082000800007100001300015245003100028260001900059300000900078 cSK a635 aLY DALIN aPostharvest of cut flowers aRUAbLY c2011 a43p.